Second 'A' Countries Quiz Stats

 Plays Quiz Updated Nov 1, 2017

Challenge
Share
Tweet
Embed
Score 0/47 Timer 08:00
1 Play Today
% Correct
Canada
94.3%
Japan
89.4%
Panama
84.9%
Latvia
81.6%
Madagascar
80.7%
Zambia
79.7%
Pakistan
79.6%
Mali
78.7%
Bahamas
77.7%
Laos
77.1%
Jamaica
76.6%
Bahrain
76.6%
Kazakhstan
76.5%
Haiti
76.1%
Cambodia
75.3%
Paraguay
75.1%
Namibia
74.7%
Cameroon
74.2%
Tanzania
72.9%
Bangladesh
72%
Vatican City
71.8%
Malaysia
71.6%
Saudi Arabia
70.7%
Qatar
70.6%
% Correct
Malta
70.3%
Macedonia
70.1%
Palau
69.8%
Barbados
69.5%
Mauritania
68.7%
Tajikistan
68.7%
San Marino
68.6%
Maldives
67.7%
Mauritius
67.5%
Malawi
66.6%
Vanuatu
65.5%
Papua New Guinea
65.1%
Nauru
64.9%
Gabon
64.5%
Taiwan
62.1%
Samoa
60.7%
Saint Kitts and Nevis
60.5%
Saint Lucia
60.4%
Saint Vincent and the Grenadines
58.4%
Marshall Islands
58.3%
Palestine
57.2%
Cabo Verde
56.4%
São Tomé and Príncipe
55.4%

You're not logged in!

Compare scores with friends on all Sporcle quizzes.
Join for Free
OR
Log In

You Might Also Like...

Show Comments

Extras

Top Quizzes Today


Score Distribution

Your Account Isn't Verified!

In order to create a playlist on Sporcle, you need to verify the email address you used during registration. Go to your Sporcle Settings to finish the process.

Report this User

Report this user for behavior that violates our Community Guidelines.

Details: